| 000 | 00913cab a2200265 4500 | ||
|---|---|---|---|
| 001 | ABS55534 | ||
| 008 | 090401t1996 xxu||||| |||| 00| 0 eng d | ||
| 035 | _a(Sirsi) u17195 | ||
| 041 | _aeng | ||
| 100 | _aHatchett, W. | ||
| 245 | _aCIH Anniversary | ||
| 260 | _c1996 | ||
| 350 | _a0 | ||
| 490 |
_aHousing _v32(6) July/August 1996, 15-19(4) |
||
| 520 | _aTwo articles marking the eightieth anniversary of the Chartered Institute of Housing. The first looks back on how housing management has grown into a profession, including the development of the CIH. The second reflects on how tenants have a long history of involvement in housing management. | ||
| 650 | _aCIH | ||
| 650 | _aCOUNCIL HOUSING | ||
| 650 | _aHOUSING ASSOCIATIONS | ||
| 650 | _aSOCIAL HOUSING | ||
| 650 | _aTENANT PARTICIPATION | ||
| 690 |
_aBlock management _96220 |
||
| 700 | _aWard, C. | ||
| 942 | _n0 | ||
| 948 | _c04/03/1997 | ||
| 999 |
_c11403 _d11403 |
||